000 00985nam a2200313 a 4500
001 vtls000153389
003 NLI
005 20210602101553.0
008 101125t19751965enk 000 eng
020 _cUSD 5.95 (pbk.)
039 9 _y201011251616
_zVLOAD
040 0 _aNLI
_beng
_cVERGIS-2010
_eAACR2
041 0 _aeng
044 _aenk
082 0 4 _a822.3309
100 1 _aJamieson, Michael
_9301632
245 1 0 _aShakespeare :
_bas you like it /
_cby Michal Jamieson
260 _aLondon :
_bEdward Arnold,
_c1975 c1965
300 _a69 p. ;
_c19 cm.
440 0 _aStudies in English literature ;
_vno. 25
_9101078
440 0 _aBarron's studies in literature.
_9301633
600 1 0 _aShakespeare, William,
_d1564-1616
_tAs you like it
_9127071
650 0 _aEnglish drama
_xHistory and criticism
_995779
887 _a
901 _a425513
_b01.06.1976
902 _aE 822.3309 J 242
942 _2ddc
_cBKS
949 _AVIRTUAITEM
_D10000
_X100
_6PUR000425513ENG
999 _aVIRTUA40
_c158317
_d158317